The man on horseback : (Record no. 1887)

MARC details
000 -LEADER
fixed length control field 00782nam a2200217 a 4500
003 - CONTROL NUMBER IDENTIFIER
control field BD-DhJNU
005 - DATE AND TIME OF LATEST TRANSACTION
control field 20250713091728.0
008 - FIXED-LENGTH DATA ELEMENTS--GENERAL INFORMATION
fixed length control field 020417r20021962nju b 001 0 eng
020 ## - INTERNATIONAL STANDARD BOOK NUMBER
International Standard Book Number 0765809222
040 ## - CATALOGING SOURCE
Original cataloging agency BD-DhJNU
Language of cataloging ENG
Transcribing agency BD-DhJNU
Modifying agency BD-DhJNU
082 00 - DEWEY DECIMAL CLASSIFICATION NUMBER
Classification number 322.5 FIM
Edition number 23
100 1# - MAIN ENTRY--PERSONAL NAME
Personal name Finer, S. E.
245 14 - TITLE STATEMENT
Title The man on horseback :
Remainder of title the role of the military in politics /
Statement of responsibility, etc. Samuel E. Finer ; with a new introduction by Jay Stanley.
260 ## - PUBLICATION, DISTRIBUTION, ETC.
Place of publication, distribution, etc. New Brunswick, N.J. :
Name of publisher, distributor, etc. Transaction,
Date of publication, distribution, etc. c2002.
300 ## - PHYSICAL DESCRIPTION
Extent xxi, 268 p. ;
Dimensions 23 cm.
500 ## - GENERAL NOTE
General note Originally published: London : Pall Mall Press, 1962. With new introd.
504 ## - BIBLIOGRAPHY, ETC. NOTE
Bibliography, etc. note Includes bibliographical references (p. 245-257) and index.
650 #0 - SUBJECT ADDED ENTRY--TOPICAL TERM
Topical term or geographic name entry element Civil-military relations.
700 1# - ADDED ENTRY--PERSONAL NAME
Personal name Stanley, Jay.
942 ## - ADDED ENTRY ELEMENTS (KOHA)
Koha item type Books
Holdings
Withdrawn status Lost status Source of classification or shelving scheme Damaged status Not for loan Collection Home library Current library Shelving location Date acquired Source of acquisition Total checkouts Full call number Barcode Date last seen Copy number Price effective from Koha item type
    Dewey Decimal Classification     Non-fiction Jagannath University Central Library Jagannath University Central Library General stacks 07/13/2025 Purchased   322.5 FIM JNUCL18240 07/13/2025 1 07/13/2025 Books